000 01665nam a2200289Ia 4500
999 _c38601
_d38601
001 4718
003 GE_BSU
005 20190722160046.0
008 181216s2010||||ge |||||||||||||| ||geo||
020 _a9789941030970
040 _cGE_BSU
041 _ageo
080 _a373.3(479.22)(072) + 371.13(479.22) დ–25
245 _aდაწყებითი საფეხურის მასწავლებლის მეთოდური გზამკვლევი /
_cმარიამ მირიანაშვილი, ნინო ჯაში, მაია ბლიაძე [და სხვ.] ; რედ. ნინო ელბაქიძე, თეა ქიტოშვილი.
264 _aთბილისი :
_bმასწ. პროფეს. განვით. ეროვნ. ცენტრი ;
_c2010.
300 _a144 გვ. ;
_c 25 სმ.
504 _aბიბლიოგრ. : გვ. 138
541 _h10 ლ. 50 თ.
653 _aდაწყებითი საფეხურის მასწავლებლის მეთოდური გზამკვლევი
653 _a მეთოდური გზამკვლევი
700 _aმირიანაშვილი, მარიამ
_eავტორი
_93277
700 _a ჯაში, ნინო
_eავტორი
_93278
700 _aბლიაძე, მაია
_eავტორი
_93279
700 _a ელბაქიძე, ნინო
_eრედაქტორი
_93280
700 _a ქიტოშვილი, თეა
_eრედაქტორი
_93281
942 _cBK
_2udc